000 00584cam a22002053a 4500
001 33597
003 PGUSA
005 20140828083727.0
008 100901s2010||||xxu|||||s|||||000 | eng d
040 _aPGUSA
_beng
042 _adc
100 1 _aFarnol, Jeffery,
_d1878-1952
245 1 0 _aOur Admirable Betty :
_bA Romance
_h[electronic resource] /
_cJeffery Farnol
260 _bProject Gutenberg,
_c2010
506 _aPublic domain in the USA.
516 _aElectronic text
830 0 _aProject Gutenberg
_v33597
856 4 0 _uhttp://www.gutenberg.org/ebooks/33597
942 _cEB
999 _c262852
_d262852